000 00466nam a22001577a 4500
005 20251108165839.0
008 250721s1996 xx 000 0 ara d
082 1 4 _aق/حسي
100 1 _aحسن، حسن خليل
245 1 0 _aوعادت طيور النورس :
_bرواية /
264 1 _aعمان :
_bدار الكرمل للنشر و التوزيع،
_c1996.
300 _a97ص
650 1 7 _aالقصص العربية
942 _2ddc
_cBK
999 _c32842
_d32842